1110 1055 1537 1251 1541 1728 1379 1481 1851 1893 1401 1505 1347 1133 1025 1201 1316 1989 1029 1904 1502 1386 1807 1518 1787 1109 1947 1584 1258 1771 1615 1420 1229 1785 1648 1829 1320 1031 1082 1783 1961 1057 1507 1201 1359 1048 1944 1906 1877 1431 1379 1676 1476 1826 1256 1428 1501 1124 1127 1773 1297 1461 1289 1413 1057 1692 1104 1136 1073 1138 1572 1547 1051 1081 1996 1665 1675 1533 1492 1131 1790 1986 1190 1474 1084 1594 1178 1730 1811 1409 1665 1099 1199 1304 1578 1241 1259 1261 1349 BCNSPRNW ULIB Ver.6.0+V

เปลี่ยนเป็นภาษาไทย

Change to English
 แสดงรายละเอียดบรรณานุกรม
  กลับหน้าหลัก

Brief Record : Get Marc (ISO 2709) : E-mail record : QR code < ปิดหน้าต่าง
LEADER : 00000nam 2200000uu 4500
001    13399112540
003     ULIB
008    110823sมปป.||||th 000 0 tha d
020    9789740699170
090    นว.^bT111อ
100 0  TheLittleFinger
245 00 โอมเพี้ยง แม่มดอลวนรักยกกำลังสอง/^cTheLittleFinger
250    พิมพ์ครั้งที่ 1
260    กรุงเทพฯ :^bแจ่มใส
300    187 หน้า
710 1  แจ่มใส
945    ^p139^l0^i15322
995    กัณชพร
999     ^aใช้งานได้ทุกระบบ
รายการนี้ยังไม่มีแท็ก
คุณยังไม่ได้ล็อกอิน คุณสามารถมีกิจกรรมร่วมกับเว็บไซต์ได้ แต่ต้องล็อกอินก่อน ::
  ล็อกอิน

รายการสื่อสารสนเทศ

ลำดับที่ ประเภท เลขเรียก/บาร์โค้ด สถานที่ สถานะ
1. นวนิยาย
นวนิยาย
นว. T111อ  
  Barcode: 15322
ห้องสมุดวิทยาเขตสวรรค์ประชารักษ์
►นวนิยาย
บนชั้น
  ขอยืม

รายการใกล้เคียง
    ผู้แต่ง [TheLittleFinger]

BibComment


ยังไม่เคยถูกคอมเมนท์

คอมเมนท์ทรัพยากรรายการนี้
  คอมเมนท์: โอมเพี้ยง แม่มดอล..


 Copyright 2026. Bcnsprnw @Library